000
00313nam a2200145Ia 4500
008
191201s1968 xx 000 0 und d
082
_a
534
_b
EFS
100
_a
EFRON,Alexander
245
0
_a
Sound
250
_a
1st
260
_a
Bombay
_b
Vakils fefer
_c
1968
300
_a
72
650
_a
Applied
942
_2
ddc
_c
BK
999
_c
515
_d
515